000 01867cam a22004814i 4500
003 PE-LiUPU
005 20250731173531.0
008 150616s1990 miu rb 000 0 eng d
020 _a0801020441
035 _a(Sirsi) i9780801020445
040 _aPE-LiUPU
_bspa
_cPE-LiUPU
_erda
049 _aPRUA
082 0 4 _a220.6
_bS71
_221
245 0 0 _aSacrifice in The Bible /
_ceditores, Roger T. Beckwith y Martin J. Selman.
264 1 _aGrand Rapids, Michigan :
_bBaker Books,
_c199 0.
300 _a186 páginas ;
_c22 centímetros
336 _atext
_2rdacontent
337 _aunmediated
_2rdamedia
338 _avolume
_2rdacarrier
504 _aBibliografía al final de cada capáginas
505 0 _aThe passover sacrifice -- The levitical sacrificial -- Sacrifice in the Psalms -- Sacrifice in the prophets -- The theology of Old Testament sacrifice -- Sacrifice in the ancient near east -- Sacrifice in the world of the New Testament -- The death of Christ as a sacrifice in the teaching of Paul and Hebrews.
526 _aSEG42
526 _aSEG41
526 _aSEG40
526 _aSEG39
526 _aP94
526 _aP87
526 _aP86
526 _aP85
526 _aP77
526 _aP76
526 _aP35
630 _aBiblia
_xTEOLOGIA .
_96082
700 1 _aBeckwith, Roger T.,
_eeditor.
700 1 _aSelman, Martin J.1947-,
_eeditor.
910 _ajck
_bjvq
_cjck
942 _2ddc
_cBOOK
949 _a220.6 S71
_wDEWEY
_c1
_i42277
_lCCODEBUL1
_mBUL
_r0
_sY
_tBOOK
_u2015-6-16
_xTEOLOGIA
_zUNKNOWN
_0COMPRA
_o.STAFF. Colección Teología
994 _aC0
_bPEPRU
596 _a1
999 _a220.6 S71
_wDEWEY
_c60108
_i42277
_d60108
_e2017-9-3
_f2021-11-11
_g5
_lCCODEBUL1
_mBUL
_n1
_p30.00
_r0
_sY
_tBOOK
_u2015-6-16
_xTEOLOGIA
_PP35
_0COMPRA
_o.STAFF. Colección Teología
980 _81
_gALBERTO SANCHEZ Responsable de Automatización